000 00334nam a2200145 a 4500
008 000404s1965||||xx 0 und c
040 _aSNK
_bslo
_cSNK
_eAACR2
100 1 _aManzoni, Alessandro
245 1 0 _aSnúbenci
260 _aBratislava
_bSVKL
_c1965
300 _a625 s.
020 _c31,50
041 _aslo
044 _axo
_cSK
999 _c12271
_d12271